Voľný čas - dôležitý spoločný fenomén

Bibliographic Details
Main Author: Kratochvílová, Emília, 1941- (Author)
Format: Article
Language:Slovak
ISSN:1335-1109
Subjects:

MARC

LEADER 00000nab a2200000 a 4500
001 vtls009088422
003 SK-MaSNL
005 20260304151538.0
008 250506c2007 xo mr|p|||||||000 b|slo
015 |a SNBRB2007/08 
035 |a (uuid)993fa6bb-ae8b-4129-84f8-d63dfd93da73 
035 |a urn:nbn:sk:snk-ab2x5e 
035 |a (urnnbn)urn:nbn:sk:snk:ar-a0323x 
038 |a SNKBUCL 
040 |a SNKBUCL  |b slo  |c SNKBUCL  |e AACR2 
041 0 |a slo  |b eng 
044 |a xo  |c SK 
080 |a 379.8-053.2  |2 1997 
100 1 |a Kratochvílová, Emília,  |d 1941-  |4 aut  |9 113266 
245 1 0 |a Voľný čas - dôležitý spoločný fenomén  |c Emília Kratochvílová 
504 |a Bibliogr. odkazy 
546 |a Res. angl. 
650 0 7 |a voľný čas  |2 snkbucl  |9 3355 
650 0 7 |a mládež  |2 snkbucl  |9 1575 
773 0 |t Mládež a spoločnosť  |g Roč. XIII, č. 2 (2007), s. 5-13  |x 1335-1109 
850 |a Slovenská národná knižnica 
852 |a Slovenská národná knižnica 
954 |a odborná, vedecká literatúra pôvodná (slovenská)  |2 lita 
958 |a article27 
958 |a SK 
958 |a NB 
958 |a OND 
958 |a EUIPO 
999 |c 2944321  |d 2946251